The Guinness book of records 1492 : (Record no. 19284)

000 -LEADER
fixed length control field 00545pam a2200181 a 4500
020 ## - INTERNATIONAL STANDARD BOOK NUMBER
ISBN 0816027722 :
040 ## - CATALOGING SOURCE
Transcribing agency DLC
082 00 - DEWEY DECIMAL CLASSIFICATION NUMBER
Classification number 031 FAE 1992 C162 Or.
245 04 - TITLE STATEMENT
Title The Guinness book of records 1492 :
Remainder of title the world five hundred years ago /
260 ## - PUBLICATION, DISTRIBUTION, ETC. (IMPRINT)
Place of publication New York :
Name of publisher Facts on File,
Year of publication c1992.
300 ## - PHYSICAL DESCRIPTION
Number of Pages 192 p. :
Other physical details ill. (some col.), col. maps ;
Dimensions 30 cm.
650 #0 - SUBJECT ADDED ENTRY--TOPICAL TERM
Topical Term Curiosities and wonders.
650 #0 - SUBJECT ADDED ENTRY--TOPICAL TERM
Topical Term World records.
650 #0 - SUBJECT ADDED ENTRY--TOPICAL TERM
Topical Term Civilization.
700 1# - ADDED ENTRY--PERSONAL NAME
Personal name Manley, Deborah.
700 1# - ADDED ENTRY--PERSONAL NAME
Personal name Scammell, Geoffrey Vaughn.
942 ## - ADDED ENTRY ELEMENTS (KOHA)
Koha item type ADB
952 ## - LOCATION AND ITEM INFORMATION (KOHA)
Withdrawn status [LOCAL, KOHA] 0
Holdings
Source of acquisition Permanent Location Date acquired Koha item type Lost status Shelving location Current Location Full call number
A39184Library Block C2020-09-04សៀវភៅភាសាអង់គ្លេស C162Library Block C031 FAE 1992 C162 Or.
មជ្ឈមណ្ឌលឯការនៃសាកលវិទ្យាល័យភូមិន្ទកសិកម្មចំការដូង

Powered by Koha